Statistics for Asian Geography By Letter - Y

Click here to take the quiz!

General Stats

  • This quiz has been taken 1,008 times
    (914 since last reset)
  • The average score is 12 of 19

Answer Stats

HintAnswer% Correct
Oman's neighbourYemen
100%
Currency of JapanYen
98%
Longest river of ChinaYangtze
89%
Sea between China and KoreaYellow Sea
89%
Hairy cattle-like animal of the HimalayasYak
89%
Second most widely spoken
Jewish language
Yiddish
85%
Capital of ArmeniaYerevan
81%
Indian spiritual practiceYoga
75%
Huge city just south of TokyoYokohama
69%
Type of portable dwelling found
in Central Asia
Yurt
68%
Myanmar's biggest cityYangon
66%
Jewish day of atonementYom Kippur
61%
Japanese corporation that produces
pretty much everything
Yamaha
58%
Unit of counting Chinese currencyYuan
48%
Russian city east of the UralsYekaterinburg
41%
Longest Russian riverYenisei
21%
Chinese province believed to be
the "birthplace of tea"
Yunnan
20%
Indonesian city ruled by a monarchYogyakarta
20%
Term for the ethnic group to which
98.5% of Japanese residents belong
Yamato
16%

Score Distribution

Percentile by Number Answered

Percent of People with Each Score

Your Score History

You have not taken this quiz since the last reset